| 000 | 00445nam a2200145Ia 4500 | ||
|---|---|---|---|
| 001 | 13497 | ||
| 003 | GE_BSU | ||
| 008 | 181216s||||||||xx |||||||||||||| ||und|| | ||
| 040 | _cGE_BSU | ||
| 100 | _aBerman,Michael | ||
| 245 | _aOn Business and for Pleasure :A self study Workbook for Advanced Business English Studens. | ||
| 653 | _aA self study Workbook for Advanced Business Englis Studens | ||
| 653 | _aOn Business and for Pleasure | ||
| 942 | _cBK | ||
| 999 |
_c46656 _d46656 |
||